| 000 | 00850cam0a220021700 4500 | ||
|---|---|---|---|
| 001 | tmp15221891 | ||
| 003 | UPRA | ||
| 005 | 20190826101100.0 | ||
| 008 | 950718r19701861ne fre u | ||
| 035 | _a(Sirsi) r104373 | ||
| 035 | _a(UPRA)tmp15221891 | ||
| 040 | _cUPRA | ||
| 100 | 2 |
_aBarbier de Meynard, C. (Charles), 1826-1908. _qBarbier de Meynard, C. (Charles), 1826-1908. _dBarbier de Meynard, C. (Charles), 1826-1908. _6A61490.1 |
|
| 245 | 1 | 0 |
_aDictionnaire geographique, historique et litteraire de la Perse, et des contrees adjacentes ... / _cpar Casimir Barbier de Meynard. |
| 260 |
_aAmsterdam : _bPhilo Press, _c1970. |
||
| 500 | _aReprint of the Paris, 1861, ed. | ||
| 651 | 0 |
_aIran. _6S47781.1 |
|
| 651 | 0 |
_aIran -- Gazetteers. _xIran -- Gazetteers. _6S47782.1 |
|
| 949 |
_aDS270 _wlcc _i-148386 _mMAIN _tBOOK _lON-SHELF |
||
| 004 | 104373 | ||
| 999 |
_c163071 _d163071 |
||